000 00893nam a2200277 a 4500
001 42817
003 BD-RjUL
005 20211209053610.0
008 160616s1975 enka b 001 0 eng
020 _a0521204089
035 _a(BD-RjUL)42935
040 _aDLC
_cDLC
_dDLC
_dBD-RjUL
_beng
041 _aeng
082 0 0 _a330.155
_223
_bHOR 1975
100 1 _aHollis, Martin.
_9131575
245 1 0 _aRational economic man :
_ba philosophical critique of neo-classical economics /
_cMartin Hollis, Edward J. Nell.
260 _aLondon :
_bCambridge University Press,
_c1975.
300 _avii, 279 p. :
_bill. ;
_c24 cm.
500 _aIncludes index.
504 _aIncludes Bibliography
650 0 _aNeoclassical school of economics.
_9131576
650 0 _aRationalism.
_9128392
650 0 _aEconomic man.
_9131577
700 1 _aNell, Edward J.,
_ejoint author.
_9131578
942 _2ddc
_cBK
999 _c42817
_d42817